La belleza encerrada / (Registro nro. 35446)

Detalles MARC
000 -LEADER
campo de control de longitud fija 01091nam a2200265 i 4500
001 - NÚMERO DE CONTROL
campo de control 35446
003 - IDENTIFICADOR DE NÚMERO DE CONTROL
campo de control ES-MaACL
005 - FECHA Y HORA DE LA ÚLTIMA TRANSACCIÓN
campo de control 20231107115034.0
007 - CAMPO FIJO DE DESCRIPCIÓN FÍSICA--INFORMACIÓN GENERAL
campo de control de longitud fija t|
008 - DATOS DE LONGITUD FIJA--INFORMACIÓN GENERAL
campo de control de longitud fija 140903s2013 sp a |||| | spa d
020 ## - NÚMERO INTERNACIONAL ESTÁNDAR DEL LIBRO
Número Internacional Estándar del Libro 978-84-8480-216-7
080 ## - NÚMERO DE LA CLASIFICACIÓN DECIMAL UNIVERSAL
Número de la Clasificación Decimal Universal 75.034/.035(4)(083.824)
245 03 - MENCIÓN DEL TÍTULO
Título La belleza encerrada /
Mención de responsabilidad, etc. edición a cargo de Manuela B. Mena Marqués ; [comisariado, Manuela B. Mena Marqués].
260 ## - PUBLICACIÓN, DISTRIBUCIÓN, ETC.
Lugar de publicación, distribución, etc. [Madrid] :
Nombre del editor, distribuidor, etc. Museo Nacional del Prado,
Fecha de publicación, distribución, etc. 2013.
300 ## - DESCRIPCIÓN FÍSICA
Extensión 479 p. :
Otras características físicas principalmente il. col. ;
Dimensiones 19 cm.
500 ## - NOTA GENERAL
Nota general Editado con motivo de la exposición La belleza encerrada: de Fra Angelico a Fortuny celebrada en el Museo del Prado entre el 21 de mayo y el 10 de noviembre de 2013.
504 ## - NOTA DE BIBLIOGRAFÍA, ETC.
Nota de bibliografía, etc. Bibliografía: p. 469-470. Índice.
650 04 - PUNTO DE ACCESO ADICIONAL DE MATERIA--TÉRMINO DE MATERIA
Término de materia o nombre geográfico como elemento de entrada Pintura europea-
Subdivisión de forma Exposiciones.
9 (RLIN) 16044
655 #7 - TERMINO DE INDIZACIÓN--GENERO/FORMA
Fuente del término tgfbne
9 (RLIN) 193628
Datos o término principal de género/forma Catálogos de exposiciones
700 0# - ENTRADA AGREGADA--NOMBRE PERSONAL
Nombre de persona Mena, Manuela.
9 (RLIN) 80049
710 2# - ENTRADA AGREGADA--NOMBRE DE ENTIDAD CORPORATIVA
Nombre de entidad corporativa o nombre de jurisdicción como elemento de entrada Museo Nacional del Prado.
9 (RLIN) 160001
852 ## - LOCALIZACIÓN
Ubicación ES-MaACL
Número de control de estantería A-13215
itemnumber 36741
Sublocalización o colección R.149941
Ubicación en estantería Depósito 1
Signatura antigua Olim: N-6215
942 ## - ELEMENTOS DE ENTRADA SECUNDARIOS (KOHA)
Fuente del sistema de clasificación o colocación Clasificación decimal universal
Tipo de ítem Koha Libro impreso
Existencias
Estatus retirado Estado de pérdida Fuente del sistema de clasificación o colocación Estado de daño No para préstamo Biblioteca de origen Biblioteca actual Ubicación en estantería Fecha de adquisición Fuente de adquisición Total de préstamos Signatura topográfica completa Código de barras Visto por última vez Precio de reemplazo Tipo de ítem Koha
    Clasificación decimal universal     Biblioteca del Ateneo de Madrid Biblioteca del Ateneo de Madrid Depósito 1 17/01/2008 Donación   A-13215 1037089 23/02/2023 23/02/2023 Libro impreso